000 01898cam a22005054i 4500
003 PE-LiUPU
005 20250731173523.0
008 150616s r 000 0 d
020 _a0805410635
035 _a(Sirsi) i9780805410631
040 _aPE-LiUPU
_bspa
_cPE-LiUPU
_erda
049 _aPRUA
082 0 4 _a268.86132
_bT52
_221
100 1 _aTidwell, Charles A.,
_eautor.
245 1 4 _aThe Educational Ministry of a Church /
_cCharles A. Tidwell.
264 1 _aTennessee :
_bBroadman & Holman Publishers,
_c1996.
300 _a274 páginas ;
_c23 centímetros
336 _atext
_2rdacontent
337 _aunmediated
_2rdamedia
338 _avolume
_2rdacarrier
504 _aIncluye bibliografía.
505 0 _aNecessity.- Basic components.- Leadership personnel.- How leaders lead.
526 _aSEG42
526 _aSEG41
526 _aSEG40
526 _aSEG39
526 _aP94
526 _aP87
526 _aP86
526 _aP85
526 _aP77
526 _aP76
526 _aP35
650 0 4 _aEducación cristiana.
910 _ajck
_bjvq
_cjck
942 _2ddc
_cBOOK
949 _a268.86132 T52
_wDEWEY
_c1
_i54209
_lCCODEBUL1
_mBUL
_r0
_sY
_tBOOK
_u2015-4-23
_xTEOLOGIA
_zUNKNOWN
_0COMPRA
_o.STAFF. Colección General
949 _a268.86132 T52
_wDEWEY
_c2
_i42131
_lCCODEBUL1
_mBUL
_r0
_sY
_tBOOK
_u2015-6-16
_xTEOLOGIA
_zUNKNOWN
_0COMPRA
_o.STAFF. Colección General
994 _aC0
_bPEPRU
596 _a1
999 _a268.86132 T52
_wDEWEY
_c59824
_i54209
_f2021-11-10
_g5
_lCCODEBUL1
_mBUL
_r0
_sY
_tBOOK
_u2015-4-23
_xTEOLOGIA
_zUNKNOWN
_0COMPRA
_o.STAFF. Colección General
_d59824
999 _a268.86132 T52
_wDEWEY
_c2
_i42131
_f2021-11-10
_g5
_lCCODEBUL1
_mBUL
_r0
_sY
_tBOOK
_u2015-6-16
_xTEOLOGIA
_zUNKNOWN
_0COMPRA
_o.STAFF. Colección General
980 _81
_gALBERTO SANCHEZ Responsable de Automatización